[Event "CZE-chT1E 0910"]
[Site "Czech Republic"]
[Date "2010.01.24"]
[Round "7.6"]
[White "Hrivnak, Daniel"]
[Black "Splichal, Stanislav"]
[Result "1/2-1/2"]
[WhiteElo "2242"]
[BlackElo "2225"]
[PlyCount "94"]
[EventDate "2009.11.15"]
[EventType "team-tourn"]
[EventRounds "11"]
[EventCountry "CZE"]
[SourceTitle "EXT 2011"]
[Source "ChessBase"]
[SourceDate "2010.11.26"]
[SourceVersion "1"]
[SourceVersionDate "2010.11.26"]
[SourceQuality "1"]
[WhiteTeam "Poruba"]
[BlackTeam "Ostrava Mittal"]
[WhiteTeamCountry "CZE"]
[BlackTeamCountry "CZE"]

1. d4 Nf6 2. c4 e6 3. Nc3 Bb4 4. Qc2 0-0 5. Bg5 h6 6. Bh4 d6 7. Nf3 Qe7 8. e3 e5 9. 0-0-0 Bxc3 10. Qxc3 e4 11. Nd2 Bf5 12. f3 g5 13. Bf2 Nc6 14. g4 Bg6 15. Be2 exf3 16. Bxf3 Ne4 17. Bxe4 Bxe4 18. Nxe4 Qxe4 19. h4 f6 20. Rh2 Kg7 21. Rg1 a5 22. a3 Rae8 23. Kd2 b6 24. Qd3 Nd8 25. Qxe4 Rxe4 26. Kd3 Rfe8 27. Rh3 Nf7 28. Rf3 c5 29. b3 gxh4 30. Bxh4 Ng5 31. Bxg5 fxg5 32. Rgg3 Kg6 33. Rf2 cxd4 34. exd4 Rf4 35. Rgf3 Rxf3+ 36. Rxf3 h5 37. gxh5+ Kxh5 38. Rh3+ Kg6 39. Rg3 Re1 40. Kd2 Re4 41. Kd3 Re1 42. b4 axb4 43. axb4 Rb1 44. Ke4 Rxb4 45. Kd5 b5 46. cxb5 Rxb5+ 47. Kxd6 Kf5 1/2-1/2

[Event "CZE-chT1E 0809"]
[Site "Czech Republic"]
[Date "2008.11.29"]
[Round "4.5"]
[White "Trombik, Karel"]
[Black "Hrivnak, Daniel"]
[Result "1-0"]
[WhiteElo "2143"]
[BlackElo "2260"]
[PlyCount "73"]
[EventDate "2008.11.08"]
[EventType "team-tourn"]
[EventRounds "11"]
[EventCountry "CZE"]
[SourceTitle "EXT 2010"]
[Source "ChessBase"]
[SourceDate "2010.11.25"]
[SourceVersion "1"]
[SourceVersionDate "2010.11.25"]
[SourceQuality "1"]
[WhiteTeam "Orlova Slavia"]
[BlackTeam "Poruba Slavoj"]
[WhiteTeamCountry "CZE"]
[BlackTeamCountry "CZE"]

1. c4 f5 2. Nc3 Nf6 3. g3 g6 4. Bg2 Bg7 5. Nf3 0-0 6. 0-0 Nc6 7. a3 e5 8. d3 d6 9. Bg5 Be6 10. Qd2 Qd7 11. b4 a6 12. Rfe1 Rae8 13. Rac1 Bf7 14. e3 e4 15. Bxf6 Bxf6 16. dxe4 fxe4 17. Nd4 Nxd4 18. exd4 e3 19. Rxe3 Rxe3 20. fxe3 Bxc4 21. Bxb7 d5 22. e4 dxe4 23. Nxe4 Bxd4+ 24. Kg2 Be6 25. Qe2 Kh8 26. Qd3 Bf5 27. Rd1 Bh3+ 28. Kh1 Rd8 29. Qxa6 Qf5 30. Qd3 Bf6 31. Qe2 Re8 32. Qd3 Rd8 33. Qb3 Bd4 34. Nd2 Qf2 35. Qf3 Be3 36. Qxf2 Bxf2 37. Bf3 1-0

[Event "Bratislava Doprastav op"]
[Site "Bratislava"]
[Date "2005.06.29"]
[Round "6"]
[White "Durovka, Stefan"]
[Black "Hrivnak, Daniel"]
[Result "0-1"]
[WhiteElo "1891"]
[BlackElo "1809"]
[PlyCount "60"]
[EventDate "2005.06.25"]
[EventType "swiss"]
[EventRounds "9"]
[EventCountry "SVK"]
[SourceTitle "EXT 2006"]
[Source "ChessBase"]
[SourceDate "2005.11.24"]
[SourceVersion "1"]
[SourceVersionDate "2005.11.24"]
[SourceQuality "1"]

1. Nf3 Nf6 2. d4 d5 3. Nc3 h6 4. h3 Bf5 5. Bf4 a6 6. e3 e6 7. Bd3 Bxd3 8. Qxd3 Nbd7 9. 0-0 c5 10. b3 Rc8 11. Ne5 Nxe5 12. Bxe5 c4 13. bxc4 Rxc4 14. e4 Qc8 15. Nxd5 exd5 16. exd5 Rc3 17. Qd1 Nxd5 18. Re1 Be7 19. Bd6 Qd7 20. Bxe7 Nxe7 21. Qd2 Rc7 22. Re2 0-0 23. Rae1 Ng6 24. c3 Rfc8 25. Re3 Kh7 26. Qd3 Qc6 27. Qf5 Kg8 28. d5 Qd6 29. h4 Rf8 30. h5 Ne7 0-1

[Event "Bratislava Doprastav op"]
[Site "Bratislava"]
[Date "2005.06.27"]
[Round "4"]
[White "Priam, Stefan"]
[Black "Hrivnak, Daniel"]
[Result "1-0"]
[WhiteElo "1845"]
[BlackElo "1809"]
[PlyCount "61"]
[EventDate "2005.06.25"]
[EventType "swiss"]
[EventRounds "9"]
[EventCountry "SVK"]
[SourceTitle "EXT 2006"]
[Source "ChessBase"]
[SourceDate "2005.11.24"]
[SourceVersion "1"]
[SourceVersionDate "2005.11.24"]
[SourceQuality "1"]

1. d4 Nf6 2. Bf4 e6 3. e3 c5 4. Nf3 Nc6 5. Nc3 cxd4 6. exd4 Bb4 7. Bd3 Nd5 8. Bd2 Bxc3 9. bxc3 Nde7 10. Ng5 Ng6 11. 0-0 f5 12. Re1 Nce7 13. c4 0-0 14. Bc3 h6 15. Nf3 d6 16. Qd2 Qd7 17. Rab1 b6 18. Bb4 Bb7 19. Qe3 Rf6 20. Ba3 Raf8 21. c3 Bxf3 22. Qxf3 Nh4 23. Qf4 Nhg6 24. Qxd6 Qxd6 25. Bxd6 Re8 26. c5 Nc8 27. Bb8 bxc5 28. dxc5 Rff8 29. Bc4 Nf4 30. Bxf4 Kf7 31. Rb7+ 1-0

[Event "Bratislava Doprastav op"]
[Site "Bratislava"]
[Date "2005.06.26"]
[Round "2"]
[White "Sosovicka, Matej"]
[Black "Hrivnak, Daniel"]
[Result "0-1"]
[WhiteElo "1384"]
[BlackElo "1809"]
[PlyCount "108"]
[EventDate "2005.06.25"]
[EventType "swiss"]
[EventRounds "9"]
[EventCountry "SVK"]
[SourceTitle "EXT 2006"]
[Source "ChessBase"]
[SourceDate "2005.11.24"]
[SourceVersion "1"]
[SourceVersionDate "2005.11.24"]
[SourceQuality "1"]

1. e4 c5 2. Nf3 d6 3. d4 cxd4 4. Nxd4 Nf6 5. Nc3 a6 6. Be2 Bd7 7. Bg5 e6 8. 0-0 Be7 9. Re1 Nc6 10. Nf3 Qc7 11. Bc4 b5 12. Bb3 b4 13. Na4 h6 14. Bh4 g5 15. Bg3 e5 16. Qd3 Na5 17. Rad1 Bb5 18. Qe3 Rb8 19. c3 Nxb3 20. axb3 Bxa4 21. bxa4 b3 22. Rc1 Nd7 23. Nd2 Nc5 24. Ra1 Qc6 25. Ra3 g4 26. Rea1 Bg5 27. Qe2 Bxd2 28. Qxd2 Nxe4 29. Qd3 Nc5 30. Qf5 Qe4 31. Qh5 Nd3 32. h3 gxh3 33. Qxh3 Nxb2 34. f3 Qg6 35. Bf2 Nc4 36. Rxb3 0-0 37. Rxb8 Rxb8 38. Qd7 Nd2 39. Kh1 Rb2 40. Rg1 Kh7 41. Qh3 Ra2 42. Qh4 Qg5 43. Qb4 Qh5+ 44. Qh4 Qxh4+ 45. Bxh4 Rxa4 46. Rd1 Rxh4+ 47. Kg1 Nc4 48. Rd5 Rf4 49. Kf2 Rf6 50. Rd1 a5 51. Ke2 Rg6 52. Kf2 a4 53. Ra1 a3 54. g4 d5 0-1

[Event "CZE-chT 0405"]
[Site "Czech Republic"]
[Date "2005.02.19"]
[Round "6.7"]
[White "Hrivnak, Daniel"]
[Black "Kopal, Josef"]
[Result "0-1"]
[WhiteElo "2291"]
[BlackElo "2259"]
[PlyCount "92"]
[EventDate "2004.11.??"]
[EventType "team"]
[EventRounds "11"]
[EventCountry "CZE"]
[SourceTitle "EXT 2006"]
[Source "ChessBase"]
[SourceDate "2005.11.24"]
[SourceVersion "1"]
[SourceVersionDate "2005.11.24"]
[SourceQuality "1"]
[WhiteTeam "Ostrava Slavoj"]
[BlackTeam "Turnov Zikuda"]
[WhiteTeamCountry "CZE"]
[BlackTeamCountry "CZE"]

1. d4 d5 2. c4 c6 3. Nf3 e6 4. Nc3 Nf6 5. Bg5 dxc4 6. a4 Bb4 7. Ne5 b5 8. Bxf6 gxf6 9. Nf3 Bb7 10. Qc2 a6 11. g3 Nd7 12. Bg2 Nb6 13. 0-0 Qe7 14. axb5 cxb5 15. e4 0-0 16. Nh4 Rfd8 17. Ne2 Qc7 18. Rfd1 Bf8 19. Nf4 Bh6 20. Nh5 Nd7 21. Qe2 Kh8 22. d5 Rf8 23. Bh3 Rae8 24. Qc2 Bg7 25. Qc3 Ne5 26. b3 Qb6 27. bxc4 Rc8 28. Qb3 Rxc4 29. dxe6 fxe6 30. Rac1 Bxe4 31. Rxc4 Nxc4 32. Rd7 Bh6 33. Qc3 Qa5 34. Qxa5 Nxa5 35. Bxe6 Nc4 36. Nf5 Ne5 37. Nxh6 Nxd7 38. Bxd7 b4 39. Be6 Bg6 40. Nf4 a5 41. Bb3 Ra8 42. Nxg6+ hxg6 43. Ba4 Rc8 44. Kf1 Rc1+ 45. Ke2 Ra1 46. Bd1 a4 0-1

[Event "CZE-chT 0405"]
[Site "Czech Republic"]
[Date "2005.01.15"]
[Round "5.7"]
[White "Hrivnak, Daniel"]
[Black "Talla, Vladimir"]
[Result "1/2-1/2"]
[WhiteElo "2291"]
[BlackElo "2385"]
[PlyCount "64"]
[EventDate "2004.11.??"]
[EventType "team"]
[EventRounds "11"]
[EventCountry "CZE"]
[SourceTitle "EXT 2006"]
[Source "ChessBase"]
[SourceDate "2005.11.24"]
[SourceVersion "1"]
[SourceVersionDate "2005.11.24"]
[SourceQuality "1"]
[WhiteTeam "Ostrava Slavoj"]
[BlackTeam "Ostrava Color"]
[WhiteTeamCountry "CZE"]
[BlackTeamCountry "CZE"]

1. d4 d5 2. c4 e6 3. Nc3 Be7 4. Nf3 Nf6 5. Bg5 h6 6. Bh4 0-0 7. e3 b6 8. cxd5 Nxd5 9. Bxe7 Qxe7 10. Nxd5 exd5 11. Qb3 Be6 12. Rc1 c5 13. Qa3 Rc8 14. Bb5 Kf8 15. dxc5 bxc5 16. 0-0 c4 17. Qxe7+ Kxe7 18. Nd4 a6 19. Ba4 Bd7 20. Bxd7 Nxd7 21. Rfd1 Nf6 22. b3 g6 23. Kf1 Rc7 24. Rc2 Rac8 25. Rdc1 Ne4 26. Ke2 Kd7 27. f3 cxb3 28. Rxc7+ Rxc7 29. Rxc7+ Kxc7 30. axb3 Nc5 31. Kd2 Ne6 32. Nc2 a5 1/2-1/2

[Event "CZE-chT 0405"]
[Site "Czech Republic"]
[Date "2004.11.06"]
[Round "1.7"]
[White "Hrivnak, Daniel"]
[Black "Sikorova, Olga"]
[Result "0-1"]
[WhiteElo "2291"]
[BlackElo "2268"]
[PlyCount "69"]
[EventDate "2004.11.??"]
[EventType "team"]
[EventRounds "11"]
[EventCountry "CZE"]
[SourceTitle "EXT 2006"]
[Source "ChessBase"]
[SourceDate "2005.11.24"]
[SourceVersion "1"]
[SourceVersionDate "2005.11.24"]
[SourceQuality "1"]
[WhiteTeam "Ostrava Slavoj"]
[BlackTeam "Trinec"]
[WhiteTeamCountry "CZE"]
[BlackTeamCountry "CZE"]

1. d4 Nf6 2. c4 e6 3. Nc3 Bb4 4. Bg5 d5 5. Qa4+ Nc6 6. e3 0-0 7. Nf3 h6 8. Bh4 Bd7 9. Qc2 a5 10. Bd3 Be7 11. a3 dxc4 12. Bxc4 a4 13. 0-0 Na5 14. Ba2 b5 15. Ne5 Be8 16. Rac1 Ra7 17. Rfd1 c6 18. Bxf6 Bxf6 19. Ne4 Rc7 20. Nc5 Be7 21. Qc3 Qa8 22. e4 Bd6 23. f4 Nb7 24. Nxb7 Qxb7 25. Nd3 c5 26. dxc5 Be7 27. Qb4 Bc6 28. Nf2 Rfc8 29. Rc3 Kh8 30. Bb1 Qa7 31. Nd3 Be8 32. Rdc1 Rd8 33. e5 Bc6 34. Nf2 Qb7 35. Rg3 0-1

[Event "Bratislava op"]
[Site "Bratislava"]
[Date "2004.04.16"]
[Round "7"]
[White "Rezak, Milan"]
[Black "Hrivnak, Daniel"]
[Result "0-1"]
[WhiteElo "2033"]
[BlackElo "2240"]
[PlyCount "58"]
[EventDate "2004.04.??"]
[EventType "swiss"]
[EventRounds "9"]
[EventCountry "SVK"]
[SourceTitle "EXT 2005"]
[Source "ChessBase"]
[SourceDate "2004.11.15"]
[SourceVersion "1"]
[SourceVersionDate "2004.11.15"]
[SourceQuality "1"]

1. e4 c5 2. c3 e6 3. d4 d5 4. exd5 exd5 5. Nf3 Nc6 6. Be3 c4 7. b3 Be6 8. bxc4 dxc4 9. Nbd2 Qa5 10. Qc1 Ba3 11. Qc2 b5 12. Be2 Nge7 13. Nb1 Bf5 14. Qd2 Bxb1 15. Rxb1 Nd5 16. Ne5 Nce7 17. Bf3 Rc8 18. 0-0 a6 19. Bg5 Qxc3 20. Bxd5 Nxd5 21. Qe2 0-0 22. Qg4 f5 23. Qf3 Qxf3 24. Nxf3 h6 25. Bc1 Bd6 26. Be3 Rfe8 27. Rfe1 Bb4 28. Bd2 Bxd2 29. Nxd2 Nc3 0-1

[Event "Bratislava op"]
[Site "Bratislava"]
[Date "2004.04.02"]
[Round "1"]
[White "Hrivnak, Daniel"]
[Black "Takacs, Zsolt Otto"]
[Result "1/2-1/2"]
[WhiteElo "2240"]
[BlackElo "1934"]
[PlyCount "72"]
[EventDate "2004.04.??"]
[EventType "swiss"]
[EventRounds "9"]
[EventCountry "SVK"]
[SourceTitle "EXT 2005"]
[Source "ChessBase"]
[SourceDate "2004.11.15"]
[SourceVersion "1"]
[SourceVersionDate "2004.11.15"]
[SourceQuality "1"]

1. e4 e5 2. Nf3 d6 3. Bc4 Nc6 4. c3 Bg4 5. d3 Na5 6. Bb5+ c6 7. Ba4 b5 8. Bc2 d5 9. b4 dxe4 10. dxe4 Qxd1+ 11. Bxd1 Nc4 12. Nbd2 Nxd2 13. Bxd2 Nf6 14. Bc2 Bd6 15. h3 Bxf3 16. gxf3 a5 17. a3 0-0 18. Ke2 axb4 19. axb4 Nd7 20. Bb3 Nb6 21. Be3 Nc4 22. Bxc4 bxc4 23. Ra5 Rxa5 24. bxa5 Ra8 25. Ra1 c5 26. a6 Kf8 27. Ra5 f6 28. Bxc5 Bxc5 29. Rxc5 Rxa6 30. Rxc4 Rd6 31. Rc5 Ke7 32. h4 h5 33. f4 Ke6 34. f5+ Ke7 35. Rc7+ Kf8 36. Rc8+ Kf7 1/2-1/2

[Event "MOR-chT2N 0203"]
[Site "Moravia"]
[Date "2003.03.02"]
[Round "9"]
[White "Hrivnak, Daniel"]
[Black "Kacmarcik, Lukas"]
[Result "1-0"]
[WhiteElo "2238"]
[BlackElo "2172"]
[PlyCount "39"]
[EventDate "2002.10.??"]
[EventType "team"]
[EventRounds "11"]
[EventCountry "CZE"]
[SourceTitle "EXT 2006"]
[Source "ChessBase"]
[SourceDate "2005.11.24"]
[SourceVersion "1"]
[SourceVersionDate "2005.11.24"]
[SourceQuality "1"]

1. Nf3 c5 2. b3 Nc6 3. Bb2 f6 4. e4 e5 5. Bc4 Nge7 6. Nc3 a6 7. a4 b6 8. Nh4 Nb4 9. 0-0 Bb7 10. f4 exf4 11. Nd5 Nbxd5 12. exd5 b5 13. Bxf6 bxc4 14. Qh5+ g6 15. Nxg6 hxg6 16. Qxh8 Qc7 17. Bxe7 Kxe7 18. Rae1+ Kf7 19. Re5 g5 20. Rf5+ 1-0

[Event "MOR-chT 0203"]
[Site "Moravia"]
[Date "2003.02.09"]
[Round "7"]
[White "Kanovsky, David"]
[Black "Hrivnak, Daniel"]
[Result "0-1"]
[WhiteElo "2216"]
[BlackElo "2238"]
[PlyCount "52"]
[EventDate "2002.10.??"]
[EventType "team"]
[EventRounds "11"]
[EventCountry "CZE"]
[SourceTitle "EXT 2006"]
[Source "ChessBase"]
[SourceDate "2005.11.24"]
[SourceVersion "1"]
[SourceVersionDate "2005.11.24"]
[SourceQuality "1"]

1. e4 d6 2. d4 Nf6 3. Nc3 g6 4. f4 Bg7 5. Nf3 0-0 6. Be2 c6 7. a4 Nbd7 8. 0-0 e5 9. dxe5 dxe5 10. Nxe5 Qb6+ 11. Kh1 Nxe5 12. fxe5 Ne8 13. Bg5 Bxe5 14. Be7 Qxb2 15. Bxf8 Kxf8 16. Bc4 f6 17. Nd5 Qxa1 18. Qd2 Qxf1+ 19. Bxf1 cxd5 20. Qxd5 Nd6 21. c4 Bd7 22. Qd2 Bc6 23. Qh6+ Kg8 24. c5 Nxe4 25. Bc4+ Kh8 26. Bf7 Rd8 0-1

[Event "Ceske Budejovice op"]
[Site "Ceske Budejovice"]
[Date "2000.??.??"]
[Round "4"]
[White "Hrivnak, Daniel"]
[Black "Erban, Tomas"]
[Result "1-0"]
[WhiteElo "2305"]
[BlackElo "1900"]
[PlyCount "51"]
[EventDate "2000.??.??"]
[EventType "swiss"]
[EventRounds "9"]
[EventCountry "CZE"]
[SourceTitle "EXT 2003"]
[Source "ChessBase"]
[SourceDate "2002.11.25"]
[SourceVersion "1"]
[SourceVersionDate "2002.11.25"]
[SourceQuality "1"]

1. f4 Nf6 2. Nf3 d5 3. g3 g6 4. Bg2 Bg7 5. 0-0 0-0 6. d3 c5 7. c3 Nc6 8. Qc2 Qc7 9. e4 dxe4 10. dxe4 e5 11. f5 Ne7 12. Nxe5 Nxe4 13. fxg6 hxg6 14. Nxg6 fxg6 15. Rxf8+ Bxf8 16. Bxe4 Bf5 17. Bf4 Bxe4 18. Qxe4 Qc6 19. Qc4+ Qd5 20. Qe2 Rd8 21. Nd2 Qd3 22. Qe6+ Kh8 23. Rf1 Qd5 24. Be5+ Kh7 25. Rf7+ Kg8 26. Rg7+ 1-0

[Event "Ceske Budejovice op"]
[Site "Ceske Budejovice"]
[Date "2000.??.??"]
[Round "9"]
[White "Snorek, Milan"]
[Black "Hrivnak, Daniel"]
[Result "1/2-1/2"]
[WhiteElo "2195"]
[BlackElo "2305"]
[PlyCount "82"]
[EventDate "2000.??.??"]
[EventType "swiss"]
[EventRounds "9"]
[EventCountry "CZE"]
[SourceTitle "EXT 2003"]
[Source "ChessBase"]
[SourceDate "2002.11.25"]
[SourceVersion "1"]
[SourceVersionDate "2002.11.25"]
[SourceQuality "1"]

1. Nf3 Nf6 2. c4 c5 3. Nc3 Nc6 4. g3 g6 5. Bg2 Bg7 6. 0-0 0-0 7. d3 d5 8. cxd5 Nxd5 9. Nxd5 Qxd5 10. Be3 Qd6 11. Rc1 Nd4 12. Bxd4 cxd4 13. Nd2 Be6 14. Ne4 Qb4 15. Nc5 Bxa2 16. Bxb7 Rab8 17. Bc6 Rbc8 18. Qa4 Qxa4 19. Bxa4 Bd5 20. b4 Rfd8 21. Rc2 Be5 22. Ra1 Bd6 23. Bb5 Rc7 24. Ra5 Rb8 25. Bc4 Rxc5 26. Rxc5 Bxc5 27. Bxd5 Bxb4 28. Rc4 e6 29. Bc6 Bc3 30. Bd7 Rd8 31. Rc7 a5 32. Kg2 Kf8 33. f4 Ra8 34. Ba4 Rb8 35. Ra7 Kg7 36. Kf3 h6 37. h4 h5 38. Bd7 Kf6 39. Bc6 Rf8 40. Ke4 Rb8 41. Kf3 Rc8 1/2-1/2

[Event "Ceske Budejovice op"]
[Site "Ceske Budejovice"]
[Date "2000.??.??"]
[Round "5"]
[White "Vokac, Marek"]
[Black "Hrivnak, Daniel"]
[Result "1-0"]
[WhiteElo "2520"]
[BlackElo "2305"]
[PlyCount "75"]
[EventDate "2000.??.??"]
[EventType "swiss"]
[EventRounds "9"]
[EventCountry "CZE"]
[SourceTitle "EXT 2003"]
[Source "ChessBase"]
[SourceDate "2002.11.25"]
[SourceVersion "1"]
[SourceVersionDate "2002.11.25"]
[SourceQuality "1"]

1. Nf3 Nf6 2. c4 g6 3. Nc3 Bg7 4. e4 d6 5. d4 0-0 6. Be2 e5 7. 0-0 Nc6 8. d5 Ne7 9. Ne1 Nd7 10. Nd3 f5 11. exf5 Nxf5 12. f3 Nf6 13. Nf2 Nd4 14. Nfe4 Nh5 15. Bg5 Qd7 16. g3 b6 17. Qd2 Qe8 18. Rae1 Rf7 19. Bd1 Qf8 20. f4 Bh3 21. Rf2 h6 22. fxe5 dxe5 23. Rxf7 Qxf7 24. Nf2 Bd7 25. Bxh6 Rf8 26. Bxg7 Qxg7 27. Nce4 Nf6 28. Qe3 Nxe4 29. Nxe4 Bf5 30. Ng5 Qf6 31. Rf1 Qe7 32. b3 a5 33. h4 Rf6 34. Re1 Qc5 35. Kg2 Rf8 36. Qxe5 Bd7 37. Qe7 Qxe7 38. Rxe7 1-0

[Event "Morava-chT 9899"]
[Site "Czech Republic"]
[Date "1999.??.??"]
[Round "11"]
[White "Holemar, David"]
[Black "Hrivnak, Daniel"]
[Result "1/2-1/2"]
[WhiteElo "2120"]
[BlackElo "2380"]
[PlyCount "63"]
[EventDate "1998.??.??"]
[EventType "team-tourn"]
[EventRounds "11"]
[EventCountry "CZE"]
[SourceTitle "EXT 2000"]
[Source "ChessBase"]
[SourceDate "1999.11.16"]
[SourceVersion "1"]
[SourceVersionDate "1999.11.16"]
[SourceQuality "1"]

1. d4 Nf6 2. c4 c5 3. d5 e6 4. Nc3 exd5 5. cxd5 d6 6. e4 g6 7. f4 Bg7 8. Nf3 0-0 9. Be2 Re8 10. e5 dxe5 11. fxe5 Ng4 12. Bg5 f6 13. exf6 Bxf6 14. Qd2 Bf5 15. h3 Bxg5 16. Qxg5 Qxg5 17. Nxg5 Ne3 18. Kf2 Nc2 19. Rac1 Rf8 20. Nf3 Nd4 21. g4 Bd3 22. Bd1 Nd7 23. Ke3 Nxf3 24. Bxf3 Ne5 25. Be2 Rae8 26. Rhf1 Rxf1 27. Bxf1 c4 28. Kd4 Nf3+ 29. Kc5 Ne1 30. d6 Rc8+ 31. Kb5 Nc2 32. Bg2 1/2-1/2

[Event "Morava-chT 9900"]
[Site "Czech Republic"]
[Date "1999.??.??"]
[Round "2"]
[White "Pisk, Petr"]
[Black "Hrivnak, Daniel"]
[Result "1-0"]
[WhiteElo "2419"]
[BlackElo "2304"]
[PlyCount "105"]
[EventDate "1999.??.??"]
[EventType "team-tourn"]
[EventRounds "11"]
[EventCountry "CZE"]
[SourceTitle "EXT 2001"]
[Source "ChessBase"]
[SourceDate "2000.11.22"]
[SourceVersion "1"]
[SourceVersionDate "2000.11.22"]
[SourceQuality "1"]

1. e4 e6 2. b3 d5 3. Qe2 dxe4 4. Qxe4 Nf6 5. Qe2 Bd6 6. d4 0-0 7. Nf3 Nbd7 8. Bb2 c5 9. dxc5 Bxc5 10. Nc3 Qe7 11. 0-0-0 Ba3 12. Nd4 Nb6 13. f4 Nfd5 14. Nxd5 Nxd5 15. Qf3 a5 16. c3 Bd7 17. Bc4 Nb6 18. Bd3 Rfc8 19. Qe4 f5 20. Qe1 a4 21. Nc2 Bxb2+ 22. Kxb2 axb3 23. axb3 Nd5 24. Bxf5 Nxc3 25. Rxd7 Ra2+ 26. Kc1 Rxc2+ 27. Kxc2 Ne2+ 28. Kb1 Qxd7 29. Bxh7+ Kxh7 30. Qxe2 Rc3 31. Rd1 Rxb3+ 32. Kc2 Qb5 33. Qe4+ g6 34. Rd7+ Kh6 35. Qd4 Rb2+ 36. Qxb2 Qxd7 37. Qh8+ Qh7 38. Qf8+ Qg7 39. Qd6 Qf6 40. g4 Qf7 41. h4 Qe8 42. Kc3 Qc8+ 43. Kd4 b5 44. Ke5 Qb7 45. Kxe6 Qc8+ 46. Kf7 Qc4+ 47. Kf6 Qc3+ 48. Ke6 Qc8+ 49. Kf7 Qc4+ 50. Ke7 Kh7 51. f5 gxf5 52. g5 Qxh4 53. Kf6 1-0

[Event "Morava-chT 9900"]
[Site "Czech Republic"]
[Date "1999.??.??"]
[Round "4"]
[White "Skacelik, Petr"]
[Black "Hrivnak, Daniel"]
[Result "1-0"]
[WhiteElo "2239"]
[BlackElo "2304"]
[PlyCount "55"]
[EventDate "1999.??.??"]
[EventType "team-tourn"]
[EventRounds "11"]
[EventCountry "CZE"]
[SourceTitle "EXT 2001"]
[Source "ChessBase"]
[SourceDate "2000.11.22"]
[SourceVersion "1"]
[SourceVersionDate "2000.11.22"]
[SourceQuality "1"]

1. d4 Nf6 2. c4 c5 3. d5 e6 4. Nc3 exd5 5. cxd5 d6 6. e4 g6 7. f4 Bg7 8. Nf3 0-0 9. Be2 Re8 10. e5 dxe5 11. fxe5 Ng4 12. Bg5 f6 13. exf6 Bxf6 14. Qd2 Bf5 15. h3 Ne5 16. 0-0-0 Nbd7 17. Bxf6 Nxf6 18. Nxe5 Rxe5 19. d6 Be6 20. Bf3 Qd7 21. g4 Qf7 22. Qf4 Nd7 23. Qxf7+ Kxf7 24. Bxb7 Rb8 25. Bc6 Rb6 26. Rhf1+ Kg7 27. Ba4 Re3 28. Bxd7 1-0